A course in modern linguistics

Enregistré dans:
Détails bibliographiques
Auteur principal: Hockett, Charles F
Format: Livre
Langue:Undetermined
Publié: New York MacMillan 1966
Sujets:
Tags: Ajouter un tag
Pas de tags, Soyez le premier à ajouter un tag!
Thư viện lưu trữ: Trung tâm Học liệu Trường Đại học Cần Thơ
LEADER 00468nam a2200181Ia 4500
001 CTU_347
008 210402s9999 xx 000 0 und d
082 |a 410 
082 |b H721 
100 |a Hockett, Charles F 
245 2 |a A course in modern linguistics 
245 0 |c Charles F Hockett 
260 |a New York 
260 |b MacMillan 
260 |c 1966 
650 |a linguistics 
904 |i Minh, 960722 
980 |a Trung tâm Học liệu Trường Đại học Cần Thơ